00883nam a22002657a 4500003000900000005001700009007000300026008003000029020001500059040003000074082002700104100004400131245010800175264004100283300004400324336002800368337003500396338003000431490003400461650004400495650001400539650001300553700004000566710001100606DO-SdBPM20251218112817.0ta161206b2005 sp a 00| 0 spa d a9687854782 aDO-SdBPMbspacBPMSUerda 4a152.47bL624t 20052221 aLescano, Osvaldo Rubén4aut. eautor 10aConociendo nuestra emociones :b la tristeza /cOsvaldo Rubén Lescano ; ilustraciones Sandra Lescano aBarcelona :bLexus Editores , c2005 a23 páginas :bilustraciones,c24 cm. atexto btxt2rdacontent asin mediación bn2rdamedia  avolumen bnc2rdacarrier 0 aConociendo nuestras emociones 7aSentimientos xAspectos psicológicos. 7aEmociones 7aTristeza1 aLavandeira, Sandra,eilustraciones  aLexus